| 000 | 01157nam a2200325Ia 4500 | ||
|---|---|---|---|
| 001 | Z_6724 | ||
| 003 | CHAP | ||
| 005 | 20230824164741.0 | ||
| 008 | 220113s2014 xx 000 0 und d | ||
| 010 | _a169998 | ||
| 040 | _cCHAP | ||
| 090 | _aTesis O783 2409 | ||
| 100 |
_aOrtiz Moreno, Octavio _9128360 |
||
| 245 |
_aCurva de crecimiento de trebol blanco (Trifolium repens L.) / _cOctavio Ortiz Moreno |
||
| 260 |
_aMéxico : _bEl autor, _c2014 |
||
| 300 | _a39 p | ||
| 502 | _aTesis (Ingeniero Agrónomo Especialista en Zootecnia) -- UACh, 2014 \ Dirección: Sergio Iban Mendoza Pedroza; asesoría: Alfonso Hernández Garay y Ricardo D. A mendola Massiotti | ||
| 650 |
_aComposición morfológica _9144329 |
||
| 650 |
_aRendimiento _9143245 |
||
| 650 |
_aTrebol blanco _9115252 |
||
| 700 |
_a Amendola Massiotti, Ricardo D., asesor _9138995 |
||
| 700 |
_a Hernández Garay, Alfonso, asesor _9144186 |
||
| 700 |
_aMendoza Pedroza, Sergio Iban, director _9145221 |
||
| 856 | 4 | 2 |
_uhttp://10.13.5.2/tesis/sist110558.pdf _yDescargar PDF |
| 901 | _aTESIS O783 2409 | ||
| 902 | _aA | ||
| 910 | _a2014 | ||
| 942 |
_c2 _2ddc |
||
| 942 |
_c2 _2ddc |
||
| 999 |
_c169998 _d169998 |
||